00405nam a2200205Ia 4500003000900000008004100009040001300050040001300063041000800076100001200084100000800096245001900104250001000123260000900133260000900142300001100151300001200162490001900174490000600193IT-RoPAU120407s9999 xx 000 0 und d aIT-RoPAU cIT-RoPAU afra aBasilio csan aSur le bapteme aParis aCerf c1989 a323 p. c19.5 cm aSources C. 357 v1